| Поле | Название | Значение |
| |
Тип записи |
i |
| |
Библиографический уровень |
m |
| 001 |
Контрольный номер |
RU/IS/BASE/412086425 |
| 005 |
Дата корректировки |
20260226123529.4 |
| 010 |
Индекс ISBN |
__ |
| d |
Цена |
306-21 |
| 101 |
Язык документа |
0_ |
| a |
Язык текста |
rus |
| 200 |
Заглавие и сведения об ответственности |
1_ |
| a |
Заглавие |
Моцарт и Сальери |
| e |
Сведения, относящиеся к заглавию |
аудиоспектакль |
| f |
Первые сведения об ответственности |
Леонид Филатов ; [действующие лица и исполн.: Олег Мартьянов и др.] |
| b |
Общее обозначение материала |
Звукозапись |
| 210 |
Выходные данные |
1_ |
| a |
Место издания |
М. |
| c |
Издательство |
Аудиокнига |
| d |
Дата издания |
2007 |
| 215 |
Физическое описание |
__ |
| a |
Объем |
1 электрон. опт. диск (Audio CD) (2 ч.) |
| 225 |
Серия |
2_ |
| a |
Серия |
Аудиоспектакль |
| 300 |
Общие примечания |
__ |
| a |
Общие примечания |
CD-плеер с поддержкой MP3 или Pentium-233 ; Windows 9x-XP ; CD-ROM ; звуковая карта |
| 323 |
Примечание о главных создателях, исполнителях, участниках |
__ |
| a |
Примечание о главных создателях, исполнителях, участниках |
Марьянов, О. (автор, хозяин) |
| a |
Примечание о главных создателях, исполнителях, участниках |
Андриенко, А. (Моцарт) |
| a |
Примечание о главных создателях, исполнителях, участниках |
Россошанский, А. (Сальери) |
| 330 |
Аннотация |
__ |
| a |
Аннотация |
Пьесу Филатова "Моцарт и Сальери" можно охарактеризовать словами самого автора - "вечные сюжеты на злобу дня". Остроумная, веселая и смешная, она создана "по мотивам", но при этом удивительно злободневна. А в исполнении прекрасного актерского коллектива звучит здорово! |
| 333 |
Примечание о целевом назначении |
__ |
| a |
Примечание о целевом назначении |
16+. Для детей старше 16 лет |
| 606 |
Тематические рубрики |
__ |
| a |
Основная рубрика |
Музыка и зрелищные искусства |
| 606 |
Тематические рубрики |
__ |
| a |
Основная рубрика |
Художественное радиовещание |
| 610 |
Ключевые слова |
0_ |
| a |
Ключевые слова |
пьесы; аудиопостановки; тема предательства; тема зависти; иронические произведения; тема сатиры; тема иронии; сатирические пьесы |
| 686 |
Индексы других классификаций |
__ |
| a |
Классификационный индекс |
85.38я04 |
| 700 |
Автор |
_1 |
| a |
Фамилия |
Филатов |
| b |
Имя |
Л. А. |
| f |
Даты |
1946-2003 |
| g |
Полное личное имя |
Леонид Алексеевич |
| 4 |
Код отношения |
070 |
| 801 |
Источник записи |
_0 |
| a |
Страна |
RU |
| b |
Организация |
Муниципальное бюджетное учреждение культуры "Централизованная библиотечная система" г. Сургут (Центральная городская библиотека им. А. С. Пушкина) |
| g |
Правила каталогизации |
КиК/Котельникова |
| 801 |
Источник записи |
_1 |
| a |
Страна |
RU |
| b |
Организация |
Муниципальное бюджетное учреждение культуры "Централизованная библиотечная система" г. Сургут (Центральная городская библиотека им. А. С. Пушкина) |
| g |
Правила каталогизации |
КиК/Котельникова |
| 852 |
Данные о местонахождении |
__ |
| j |
Шифр хранения |
85.38я04 |
| i |
Авторский знак |
Ф 51 |
| 901 |
Тип документа |
__ |
| t |
Тип документа |
0 |
| 903 |
Характеристики (МАРС) |
__ |
| a |
Дата передачи |
20130121 |
| 969 |
Тип издания |
__ |
| a |
Тип издания |
аудиоспектакль; издание для слепых |
| 990 |
Данные о заказе (DOS) |
__ |
| j |
Количество экземпляров (DOS) |
4 |
| h |
N записи в КСУ для Б/У (DOS) |
201302 |